| 000 | 01125cam a22003135i 4500 | ||
|---|---|---|---|
| 999 |
_c28869 _d28840 |
||
| 001 | 13946132 | ||
| 003 | EG-ScBUE | ||
| 005 | 20200928123247.0 | ||
| 008 | 050428t20052005nyuab f b 001 0 eng d | ||
| 020 | _a0321163281 (pbk.) | ||
| 020 | _a9780321163288 (pbk.) | ||
| 040 |
_aDLC _beng _erda _cDLC _dDLC _dEG-ScBUE |
||
| 082 | 0 | 4 |
_a808.042 _bJON _222 |
| 100 | 1 |
_aJones, Alyse W., _eauthor. |
|
| 245 | 1 | 2 |
_aA world of writing / _cAlyse W. Jones, Georgia Perimeter College, Lee Brewer Jones, Georgia Perimeter College. |
| 264 | 1 |
_aNew York : _bLongman / Person Education, _c[2005] |
|
| 264 | 4 | _cc2005 | |
| 300 |
_axxv, 337 pages : _billustrations, maps ; _c28 cm |
||
| 336 |
_atext _btxt _2rdacontent |
||
| 337 |
_aunmediated _bn _2rdamedia |
||
| 338 |
_avolume _bnc _2rdacarrier |
||
| 500 | _aIncludes index. | ||
| 650 | 7 |
_aEnglish language _xRhetoric _vProblems, exercises, etc. _2BUEsh |
|
| 650 | 7 |
_aReport writing _vProblems, exercises, etc. _2BUEsh |
|
| 650 | 7 |
_aEnglish language _xGrammar _vProblems, exercises, etc. _2BUEsh |
|
| 653 |
_bHHUUEENN _cSeptember2020 |
||
| 700 | 1 |
_aJones, Lee Brewer, _eauthor. |
|
| 942 |
_2ddc _cBB |
||